The reckless lady : a novel /

Uloženo v:
Podrobná bibliografie
Hlavní autor: Gibbs, Philip, 1877-1962
Médium: Kniha
Jazyk:English
Vydáno: London : Hutchinson, [19--]?
Vydání:5th ed.
LEADER 00853cam a2200229 a 4500
001 c000392707
003 CARM
005 20130129095113.0
008 130129q19uu enk 000 1 eng d
019 1 |a 69840602  |5 LACONCORD2021 
035 |a (OCoLC)1267897711  |5 LACONCORD2021 
040 |a NUN:S  |b eng  |c NUN:S  |d VSJ 
100 1 |a Gibbs, Philip,  |d 1877-1962. 
245 1 4 |a The reckless lady :  |b a novel /  |c by Philip Gibbs. 
250 |a 5th ed. 
260 |a London :  |b Hutchinson,  |c [19--]? 
300 |a 312 p. ;  |c 19 cm. 
852 8 |b CARM  |p 0534065  |n Fragile condition  |f BK 
852 8 |b SCAN  |h A3:AG09A0  |i A05743  |p 0534065  |f BK 
999 f f |i 56fed6a4-a602-5fa5-898d-6c5d3c78f548  |s b60630d5-b07b-5cba-866a-691a1c0d2a2b 
952 f f |p Can circulate  |a CAVAL  |b CAVAL  |c CAVAL  |d CARM 1 Store  |i book  |m 0534065 
952 f f |a CAVAL  |b CAVAL  |c CAVAL  |d Unmapped Location  |e A05743  |f A3:AG09A0  |h Other scheme